000 00924cam a22003015a 4500
001 015260671
003 OSt
005 20161020113242.0
008 080404t2010 ohua frbd 001 0 eng d
020 _a9780324655780
020 _a0324655789
040 _aYDXCP
_beng
_cYDXCP
_dBAKER
_dUk
_dEG-ScBUE
082 0 4 _a332.1068
_222
_bKOC
100 1 _aKoch, Timothy W.
245 1 0 _aBank management /
_cTimothy W. Koch, S. Scott MacDonald.
250 _a7th ed.
260 _aMason :
_bSouth-Western, Cengage Learning,
_cc.2010.
300 _axvi, 872 p. :
_bill. ;
_c29 cm.
500 _aGlossary : p. [809]-858.
500 _aIndex : p. [859]-872.
504 _aIncludes bibliographical references.
650 7 _aBank management.
_2BUEsh
_911083
651 _2BUEsh
653 _bBUSADM
_cOctober2016
690 7 _aManagement and Business Studies
_2blcoll
700 1 _aMacDonald, Steven Scott,
_d1957-
942 _2ddc
999 _c22736
_d22708